| 000 | 00000nas 2200000za 4500 |
| 001 | 9.848539 |
| 003 | CaOODSP |
| 005 | 20221107153712 |
| 007 | cr ||||||||||| |
| 008 | 171112d20012003oncar p oss f0 b0fre|d |
| 022 | # |a1912-6301 |
| 040 | |aCaOODSP|bfre |
| 043 | |an-cn-on |
| 086 | 1 |aNH12-83-1F-PDF |
| 222 | 0|aRapport sur les logements locatifs. St. Catharines-Niagara |
| 245 | 00|aRapport sur les logements locatifs. |pSt. Catharines-Niagara |h[ressource électronique]. |
| 246 | 1 |iLa livr. de 2001 comporte le titre en anglais: |aRental market report. |pSt. Catharines-Niagara |
| 260 | |a[Ottawa] : |bSociété canadienne d'hypothèques et de logement, |c[2001-2003] |
| 310 | |aAnnuel |
| 362 | 0 |aEnquête d'oct. 2001-enquête d'oct. 2003. |
| 500 | |aTitre de départ. |
| 500 | |aPubl. aussi en anglais sous le titre : Rental market report. St. Catharines-Niagara. |
| 692 | 07|2gccst|aLogement |
| 692 | 07|2gccst|aTaux |
| 710 | 2 |aSociété canadienne d'hypothèques et de logement. |
| 775 | 08|tRental market report. |w(CaOODSP)9.504575 |
| 785 | 00|tRapport sur le marché locatif. |w(CaOODSP)9.500990 |